Statistiques concernant Les Films de Steven Spielberg

Cliquez ici pour prendre le quiz!

Statistiques générales

  • Ce quiz a été pris 1 515 fois
    (1 500 depuis la dernière actualisation)
  • Le résultat moyen est 13 sur 31

Statistiques - réponses

AnnéeFilm% Correct
1982E.T. l'extra-terrestre
93%
1993Jurassic Park
81%
1997Le Monde perdu : Jurassic Park
81%
1975Les Dents de la mer
70%
1989Indiana Jones et la Dernière Croisade
69%
1984Indiana Jones et le Temple maudit
69%
1981Les Aventuriers de l'arche perdue
69%
2008Indiana Jones et le Royaume du crâne de cristal
68%
1993La Liste de Schindler
59%
2018Ready Player One
54%
1998Il faut sauver le soldat Ryan
46%
2011Les Aventures de Tintin : Le Secret de La Licorne
38%
2001A.I. Intelligence artificielle
35%
2005La Guerre des mondes
32%
2002Minority Report
31%
2002Arrête-moi si tu peux
29%
2016Le Bon Gros Géant
29%
2011Cheval de guerre
26%
2015Le Pont des Espions
26%
2004Le Terminal
26%
2005Munich
26%
1977Rencontres du troisième type
26%
2012Lincoln
25%
1991Hook ou la Revanche du capitaine Crochet
24%
1985La Couleur pourpre
24%
2017Pentagon Papers
23%
19801941
19%
1997Amistad
19%
1989Always
15%
1974Sugarland Express
15%
1987Empire du soleil
14%

Distribution des résultats

Percentile par nombre de réponses

% des personnes avec chaque résultat

Votre développement - résultats

Vous n’avez pas pris ce quiz depuis la dernière actualisation